000 01005nam a2200301 a 4500
008
020 _a9781855781856 (paperback)
040 _aNUST
_cNUST
049 _aMAIN
090 _aQH345
_bLYS
245 1 0 _aLysine-based post-translational modification of proteins :
_bessays in biochemistry volume 52 2012/
_cedited by Iain Scott.
260 _aLondon :
_bPortland Press ,
_c2012.
300 _axxvi, 182 pages :
_billustrations (chiefly colour) ;
_c25 cm.
336 _atext
_btxt
_2rdacontent
337 _aunmediated
_bn
_2rdamedia
338 _avolume
_bnc
_2rdacarrier
500 _aIncludes index.
504 _aIncludes bibliographical references.
650 1 _aLysine.
650 _aPost translational modification.
650 _aProteins.
700 _aScott, Iain.,
_eeditor.
700 _aHooper, Nigel.,
_eseries editor.
907 _a.b10400722
_b19-08-21
_c09-04-21
003
005 20230123141217.0
942 _cBOOKS
_kQH345
_mLYS
999 _c169585
_d169585